000 00605nam a2200229Ia 4500
003 OSt
005 20220923221713.0
006 a|||||r|||| 00| 0
007 ta
008 220922b |||||||| |||| 00| 0 hin d
024 _a199,495
037 _cTextual
040 _aARTS
_cARTS
_bhin
041 _2hin
_ahin
082 _aQ11:21x, 152K7
100 _aरधुनाथ सिंह
245 0 _aऋग्वेद कथा
246 _aṚugved kathā
260 _c1989
942 _hQ11:21x, 152K7
_cTEXL
_2CC
999 _c351235
_d351235